Physical, mechanical and seasoning properties of Bangladeshi rubber wood (Hevea brasiliensis) (Record no. 47706)

MARC details
000 -LEADER
fixed length control field 00463nam a2200157Ia 4500
100 ## - MAIN ENTRY--AUTHOR NAME
Personal name Sattar M A
245 #0 - TITLE STATEMENT
Title Physical, mechanical and seasoning properties of Bangladeshi rubber wood (Hevea brasiliensis)
260 ## - PUBLICATION, DISTRIBUTION, ETC. (IMPRINT)
Name of publisher BFRI Timber Physics Series Bulletin
Year of publication 1992
300 ## - PHYSICAL DESCRIPTION
Number of Pages 9p
500 ## - GENERAL NOTE
General note AGRIS CD 1993-1994
700 ## - ADDED ENTRY--PERSONAL NAME
Personal name Bhattacharjee D K
700 ## - ADDED ENTRY--PERSONAL NAME
Personal name Kabir M F
700 ## - ADDED ENTRY--PERSONAL NAME
Personal name Sarker S B
942 ## - ADDED ENTRY ELEMENTS (KOHA)
Koha item type Bibliography RLWO
Holdings
Withdrawn status Lost status Damaged status Not for loan Home library Current library Date acquired Serial Enumeration / chronology Koha item type
      Bibliography RRII Library RRII Library 31/12/2021 Volume 13, Issue Bibliography RLWO